BIBLIOTECA PODER JUDICIAL
Portal Judicial TDF

Desafíos en la cuantificación de alimentos de las hijas e hijos con discapacidad / (Registro nro. 5877)

000 -LEADER
fixed length control field 01465nab a22002177a 4500
003 - CONTROL NUMBER IDENTIFIER
control field OSt
005 - DATE AND TIME OF LATEST TRANSACTION
control field 20260109015255.0
008 - FIXED-LENGTH DATA ELEMENTS--GENERAL INFORMATION
fixed length control field 190514b xxu||||| |||| 00| 0 spa d
040 ## - CATALOGING SOURCE
Transcribing agency PJ
100 ## - MAIN ENTRY--PERSONAL NAME
9 (RLIN) 6760
Personal name Bulesevich, Laura A.
245 10 - TITLE STATEMENT
Title Desafíos en la cuantificación de alimentos de las hijas e hijos con discapacidad /
Statement of responsibility, etc Laura A. Bulesevich, Ana Clara Issin.
300 ## - PHYSICAL DESCRIPTION
Extent p. 45-53
505 ## - FORMATTED CONTENTS NOTE
Formatted contents note Sumario: I. Introducción. “Visibilizando”.— II. Vinculación del proceso de crianza con el derecho a un nivel de vida adecuado. La corresponsabilidad parental.— III. La importancia de los índices oficiales en la cuantificación económica del cuidado.— IV. Alcances del término “cuidar”. Los lentes de la igualdad no admiten estereotipos.— V. La canasta de crianza como una medida de acción positiva del Estado.— VI. El contexto nos obliga a diferenciar para valorar. La discapacidad y su necesario abordaje.— VII. Las estadísticas grafican realidades. Personas con certificados de discapacidad.— VIII. Posible metodología de<br/>cuantificación.
505 ## - FORMATTED CONTENTS NOTE
Title Si te interesa el texto, comunicate a koha@justierradelfuego.gov.ar
650 #0 - SUBJECT ADDED ENTRY--TOPICAL TERM
9 (RLIN) 967
Topical term or geographic name as entry element DERECHO DE FAMILIA
650 #0 - SUBJECT ADDED ENTRY--TOPICAL TERM
9 (RLIN) 3271
Topical term or geographic name as entry element PERSONAS CON DISCAPACIDAD
650 #0 - SUBJECT ADDED ENTRY--TOPICAL TERM
9 (RLIN) 968
Topical term or geographic name as entry element ALIMENTOS
700 ## - ADDED ENTRY--PERSONAL NAME
9 (RLIN) 6761
Personal name Issin, Ana Clara
Función coautor
773 0# - HOST ITEM ENTRY
Host Biblionumber 2844
Host Itemnumber 3222
Place, publisher, and date of publication Buenos Aires : AbeledoPerrot, 1989-
Title Derecho de familia. N° 121 - Septiembre 2025
International Standard Book Number 18511201
942 ## - ADDED ENTRY ELEMENTS (KOHA)
Source of classification or shelving scheme
Koha item type Analítica Artículo de Revista

No hay ítems disponibles.

12 de Octubre 789 Ushuaia - Tel:  54(02901)441571
Horario de Atención: 8.00 a 17.00 hs. 
bibliotecaush@justierradelfuego.gov.ar
koha@justierradelfuego.gov.ar
Seguinos en nuestras redes @bibliojustdf 

Con tecnología Koha